000 00566nam a2200217 a 4500
001 0001-2125
003 ELIB.Books
008 190724 2010 eng
020 _a1572930640
092 _a248.4
_bRop
100 _aRoper, David.
245 _aGrowing Slowly Wise
260 _aGrand Rapids
_bDiscovery House Publishers
_c2000
300 _a191
_c20.5cm
650 _aWisdom-Biblical Teaching
856 _nKBTS Library
_uKBTS Elib
942 _2ddc
_cBK
990 _a1
998 _aEnglishbooks.elf
_ccat
_e2019-07-24
999 _c12125
_d12125